00929nam a2200193 a 450000100100000000500170001000800410002704000250006808200150009311000400010824501300014826000430027830000190032104900090034095201370034995201130048695201190059999900170071800002809920200930031340.0110406s1927 dr 000 0 spa d aDO-SdBNPbspacBNPHU acccbA512i1 aAmerican continental company95511010aInforme del perito designado para estimar el valor de los fondos aportados en naturaleza. /. /cAmerican continental company. aSanto Domingo, :bNuevo diario,c1927. a4 p. ;c21 cm. aBNPD 001054708RVaGRbGRcCTd2011-05-10iLF1l0occc A512ip28099-30r2020-06-25te. 3, extraviadow2020-06-25y4ZPréstamo en sala 001050718RVaPDbPDcCTd2011-04-06iLF1l0occc A512ip28099-10r2020-06-25w2020-06-25y1ZNo se presta 001050718RVaPDbPDcCTd2011-04-27iLF1l0occc A512ip28099-20r2020-06-25te. 2w2020-06-25y1ZNo se presta c27591d27591